000 00474nam a2200181Ia 4500
005 20250508160843.0
008 008 250505s9999 xx 000 0 hin d
037 _aTextual
040 _aFEDL
_beng
_cFEDL
041 _ahin
_2hin
084 _aFH, RAV
_qFEDL
100 _aRao Rajendra
_9769552
245 0 _aKoyla bhai na rakh
260 _aDelhi, India
_bRajpal and Sons
_c1975
300 _a131p.
942 _cTEXL
_hFH, RAV
999 _c1366999
_d1366999